000
00349nam a2200121Ia 4500
008
200619s9999 xx 000 0 und d
020
_a
9800000000000
100
_a
Sennett Richard, Cobb Jonathan
245
4
_a
The Hidden Injuries of Class
264
_b
WW. Norton & Company
942
_c
IR
999
_c
120293
_d
120293